000 01056nam a2200265Ia 4500
001 10744
003 GE_BSU
008 181216s||||||||xx |||||||||||||| ||und||
020 _a9994046780
040 _cGE_BSU
080 _a340.1(075.8)
100 _aფაფიაშვილი,შოთა;
245 _aშესავალი იურიდიულ სპეციალობაში:[იურიდიული განათლება]
245 _bსახელმძღვ.იურიდ.ფაკ.სტუდ.
245 _cრედ.შ.ფიცხელაური.
260 _aთბილისი.
260 _bმერიდიანი.
260 _c2006.
300 _a307გვ;20სმ.
300 _eფოტ;ბიბლიოგრ:გვ.292–297.
541 _h25ლ.20თ.
653 _aსამართალი
653 _aშესავალი იურიდიულ სპეციალობაში:[იურიდიული განათლება]
942 _cBK
999 _c43994
_d43994